[Event "Titled Tuesday intern op 21st Mar Late"]
[Site "Chess.com INT"]
[Date "2023.03.21"]
[Round "6"]
[White "Koellner, Ruben Gideon"]
[Black "Liwak, Przemyslaw"]
[Result "0-1"]
[WhiteElo "2424"]
[BlackElo "2342"]
[PlyCount "68"]
[EventDate "2023.03.21"]
[EventType "swiss (blitz)"]
[EventRounds "11"]
[EventCountry "USA"]
[SourceTitle "EXT 2024"]
[Source "ChessBase"]
[SourceDate "2023.10.10"]
[SourceVersion "1"]
[SourceVersionDate "2023.10.10"]
[SourceQuality "1"]

1. d4 Nf6 2. Nf3 e6 3. Nbd2 b6 4. e4 d5 5. e5 Nfd7 6. Bd3 Ba6 7. Bxa6 Nxa6 8. 0-0 Be7 9. c3 0-0 10. Re1 c5 11. Nf1 Nab8 12. Bf4 Nc6 13. h4 Rc8 14. h5 a5 15. h6 g6 16. Ne3 b5 17. Qd2 b4 18. Ng4 bxc3 19. bxc3 cxd4 20. cxd4 Bb4 21. Qe3 Bxe1 22. Rxe1 Nb4 23. Bg5 Qc7 24. Be7 Nc2 25. Qf4 Nxe1 26. Nf6+ Nxf6 27. Qxf6 Nxf3+ 28. gxf3 Qc1+ 29. Kg2 Qxh6 30. Bd6 Rfe8 31. f4 Rc3 32. f3 Rc2+ 33. Kg3 Qh2+ 34. Kg4 Rg2# 0-1

[Event "Titled Tuesday intern op 21st Mar Late"]
[Site "Chess.com INT"]
[Date "2023.03.21"]
[Round "1"]
[White "Simonian, Hrair"]
[Black "Liwak, Przemyslaw"]
[Result "1-0"]
[WhiteElo "2431"]
[BlackElo "2342"]
[PlyCount "93"]
[EventDate "2023.03.21"]
[EventType "swiss (blitz)"]
[EventRounds "11"]
[EventCountry "USA"]
[SourceTitle "EXT 2024"]
[Source "ChessBase"]
[SourceDate "2023.10.10"]
[SourceVersion "1"]
[SourceVersionDate "2023.10.10"]
[SourceQuality "1"]

1. e4 e5 2. Nf3 Nc6 3. Bb5 a6 4. Ba4 Nf6 5. 0-0 b5 6. Bb3 Bb7 7. d3 Bc5 8. c3 d6 9. d4 Bb6 10. Re1 h6 11. Be3 0-0 12. d5 Ne7 13. Bxb6 cxb6 14. Nbd2 Ng6 15. Nf1 Nf4 16. Bc2 Bc8 17. Ne3 Bd7 18. Qd2 N6h5 19. g3 Nh3+ 20. Kg2 Ng5 21. Nxg5 Qxg5 22. h4 Qg6 23. Kh2 Nf6 24. f3 Nh5 25. Rg1 Nf6 26. Raf1 Nh7 27. f4 exf4 28. Rxf4 f5 29. exf5 Qf7 30. Qd4 Nf6 31. Qxb6 Qe7 32. Qd4 Rae8 33. Ng4 Nxg4+ 34. Rxg4 Bxf5 35. Bxf5 Rxf5 36. Re1 Rf2+ 37. Kh3 Rf7 38. Rxe7 Rfxe7 39. Rg6 Kh7 40. Rxd6 Re4 41. Qd3 Kh8 42. Rxa6 Re3 43. Qd4 R8e4 44. Qc5 h5 45. Ra7 Rf3 46. Qc7 Rg4 47. Qe5 1-0